000 00265nam a2200097Ia 4500
008 120527s9999 xx 000 0 und d
100 _aHarris, P.J.M.etal
245 _aAccounting in the hold and catering industry. Fouth ed.
260 _bStanlet Thomas
942 _cBK
999 _c14903
_d14903